000 00290nam a22001337a 4500
008 170606b xxu||||| |||| 00| 0 eng d
020 _a9780415944304
041 _aeng
080 _a93
100 _a18
101 _aSHH
245 _aCENTURY OF GENOCIDE
_cPARSONS, W.S
942 _2udc
_cBK
999 _c16127
_d16127